000 01138cam a2200277 i 4500
001 17485870
003 OSt
005 20180116192421.0
008 121005s2013 njua b 001 0 eng
010 _a 2012040982
020 _a9780691158334 (pbk. : alk. paper)
040 _aDLC
_beng
_cDLC
_erda
_dDLC
042 _apcc
050 0 0 _aNA2500
_b.S43 2013
082 0 0 _a720.1
_223
100 1 _aScruton, Roger.
_97406
245 1 4 _aThe aesthetics of architecture /
_cRoger Scruton ; with a new introduction by the author.
300 _axxiv, 289 pages :
_billustrations ;
_c24 cm
500 _a"Paperback reissue, with a new introduction by the author."
504 _aIncludes bibliographical references and index.
650 0 _aArchitecture
_xAesthetics.
_97407
775 0 _iRevision of:
_aScruton, Roger
_tAesthetics of architecture
_dPrinceton, N.J. : Princeton University Press, c1979.
_hx, 302 p. : ill. ; 24 cm.
_kPrinceton essays on the arts ; 8
_w(DLC) 79084026
906 _a7
_bcbc
_corignew
_d1
_eecip
_f20
_gy-gencatlg
942 _2ddc
_cBK
999 _c353913
_d353913